02720agaaa2200349 45000010005000000030009000050050017000140070009000310080040000400400023000800410013001031000052001161300039001682400030002072450185002372460023004222500022004452600164004673000034006315080146006655110090008115200902009015380016018035460013018196500070018327000063019027000069019657000064020349420012020989990019021109520241021295317IT-RoPAU20220918181230.0d cvaizq50131s9999||||xx ||| | || ||und|| aIT-RoPAUcIT-RoPAU aITALIANO aYoung RogergCodice regista SPICS: 43936940146 aAUGUSTO IL PRIMO IMPERATORE940147 aIMPERIUM: AUGUSTUSgT3471 aAUGUSTO IL PRIMO IMPERATOREcProdotto da: Bernabei Luca -- Sceneggiatura: Lerner Eric -- Diretto da: Young RogerpAUGUSTO IL PRIMO IMPERATORE (Rif. Codice opera principale : H5317) aIMPERIUM: AUGUSTUS aEdizione Standard a(ITA - SPA - UK - D - FR)bRAI FICTION - LUX VIDE - EOS INTERT. - RAI TR / Distribuzione: MULTIMEDIA SAN PAOLOg"2003 (1° ed.: 2005 ; Ed. Lingua Orig.: 2003)" aDVDbsonoro, col.c170 minuti a"Fotografia: Galasso Giovanni; Montaggio: Lucidi Alessandro; Musica: Donaggio Pino; Sceneggiatura: Lerner Eric; Scenografia: Agate Carmelo; " a"O'; Tyoole Peter; Rampling Charlotte; Belvedere Vittoria; Sadler Benjamin; Judica G" aGIULIO CESARE INTRODUCE IL GIOVANISSIMO NIPOTE OTTAVIANO NELLE STANZE DEL POTERE. QUI IL FUTURO IMPERATORE AUGUSTO IMPARA LE SOTTILI ARTI DEL POTERE E RESTA FOLGORATO DALL'IDEALE POLITICO DI CESARE: ABBATTERE LA VECCHIA E CORROTTA REPUBBLICA PER ERIGERE UN IMPERO GIUSTO. CONOSCE LIVIA, UNA DELLE RAGAZZE PIU' BELLE E NOBILI DI ROMA. I RAMPOLLI DELL'ANTICA NOBILTA' BRUTO E CASSIO, GIUDATI DA CICERONE, TRAMANO NELL'OMBRA. GIULIO CESARE INTUISCE IL PERICOLO E MANDA IL NIPOTE A STUDIARE AD APOLLONIA. GLI AFFIANCA DUE GIOVANI PROMETTENTI: AGRIPPA E MECENATE, I DUE FIDATI COMPAGNI DELLE FUTURE IMPRESE DI OTTAVIANO. AD APOLLONIA GIUNGE UNA NOTIZIA TERRIBILE: GIULIO CESARE E' STATO ASSASSINATO. NEL TESTAMENTO HA NOMINATO OTTAVIANO SUO UNICO EREDE. ROMA ORA E' NELLE MANI DI MARCO ANTONIO... IL DISCO EXTRA CONTIENE IL DOCUMENTARIO: ALLA SCOPERTA DI ROMA, UN AFFASCINATE VIAGGIO NELLA ROMA ANTICA. aPAL, STEREO aITALIANO aDRAMMA STORICOeDVD-FILM [DVD]xCodice MATERIA SPICS: 9947940148 aDonaggio Pinoe(musica)gCodice Musica SPICS: 13658940149 aLerner Eric J. e(soggetto)gCodice Soggetto SPICS: 29664940150 aYoung Roger e(regista)gCodice regista SPICS: 43936940151 cDV2ddc c105218d105218 0010406H_5317_00000000000000071aSPICSbSPICSd2015-01-31l0oH5317r2015-01-31 00:00:00w2015-01-31yDVzProgr. Ins.: 3254 / N.Vol.:2 / Copie: 1 / Pag.:0 / Copia rara: n.d. / date import: 1.2.2015 / By Epidotti, Trombetti, Vaglietti